01965cam a2200373 i 450000100090000000300040000900500170001300800410003001000150007102000300008602000270011603500240014304000220016704200140018905000190020308200210022210000160024324500720025926000450033130000300037650000510040650400060045750505880046363000360105165000550108765000490114265000590119170000190125090600450126994200120131499900160132695201240134295201250146617673574OSt20210414114450.0130326t20132013ph a b 001 0 eng d a2012537139 a9780199694068 (paperback) a0199694060 (paperback) a(OCoLC)ocn857620749 aPHADUcPHADUdDLC alccopycat00aHD30.23.D3719 04a658.403007212231 aDavis, Glyn10aQuantitative methods for decision making using Excel. /cGlyn Davis aOxford:bOxford University Press,c2013. axxi,629 p. :bill.;c25cm aIncludes bibliographical references and index. a. aContents: Refresher course in business mathematics and statistics: Refresher course in key numeracy skills -- Descriptive statistics and basic survey processing -- Decision making in marketing, sales and business development: Fundamentals of statistical decision making -- Prediction and forecasting -- Decision making in manufacturing and quality: Optimization -- Inventory and stock control -- Statistical quality control -- Project planning and control -- Decision making in finance: Decision making in business -- Decision making in finance -- Monte carlo simulation using excel.00aMicrosoft Excel (Computer file) 0aDecision makingxResearchxMethodologyvTextbooks. 0aDecision makingxData processingvTextbooks. 0aElectronic spreadsheetsxComputer programsvTextbooks.1 aPecar, Branko. a7bcbcccopycatd2encipf20gy-gencatlg 2lcccBK c5592d13092 00102lcc4070aWIUC-1bWIUC-1cREFd2015-06-30l0oHD30.23.D3719p7899/326/15r2015-06-30 00:00:00t1w2015-06-30yBK 00102lcc4070aWIUC-1bWIUC-1cREFd2015-06-30l0oHD30.23.D37191p7900/327/15r2015-06-30 00:00:00t2w2015-06-30yBK